000 00797nam a2200241 i 4500
001 bg
100 1 _aMATACZYŃSKI, Maciej
245 1 0 _aPrzepisy wymuszające swoje zastosowanie w prawie prywatnym międzynarodowym /
_cMaciej Mataczyński.
260 _aKraków :
_b"Zakamycze" ;
_aWarszawa,
_c2004.
300 _a282 s. ;
_c21 cm.
490 1 _aMonografie "Zakamycza"
504 _aBibliogr.
650 9 _aPrawo prywatne międzynarodowe
_ystan na 2005 r.
830 _aMonografie "Zakamycza"
020 _a8374441259
040 _cBPK
041 0 _apol
080 _a341.9
920 _a83-7444-125-9
942 _cKS
008 s pl f |000 0 pol
999 _c46563
_d46563
856 _uhttp://koha.tu.koszalin.pl/cgi-bin/koha/opac-detail.pl?biblionumber=46563
_yKatalog online BPK